00467nam a2200205Ia 4500003000900000005001700009008004100026040001300067040001300080041000800093100002100101245005600122250000900178260002100187260000900208300001100217300001000228490001600238490000700254IT-RoPAU20220918175649.0120407s9999 xx 000 0 und d aIT-RoPAU cIT-RoPAU aita aBernardino Bordo aS. Maria Goretti, come la ricordano i suoi fratelli aBari aEdizioni Paoline c1972 a102 p. c19 cm aGens Sancta v17